00350nam a22001217a 4500020001500000082001600015100002000031245003800051260004800089300002600137500002100163650004400184 a8121927838 a621.381 SED aSedha, R.S. Dr. aA textbook of applied electronics aNew Delhi, IndiabS. Chand & Co. Ltd.c1990 axxii, 1177 p.bill. ; aIncludes index.  a1. Electronic circuits. 2. Electronics.